K počátkům hermeneutiky vlastního já /

Hlavní autor: Foucault, Michel, 1926-1984
Další autoři: Schubertová, Anna, 1994-, Švec, Ondřej, 1975-
Jazyk: Čeština
Vydáno: Praha : OIKOYMENH, 2024
Vydání: Vydání první
Edice: Oikúmené (OIKOYMENH)
Témata:
Fyzický popis: 79 stran ; 21 cm
Knihy
Uloženo v:
LEADER 03147nam a2200829 i 4500
001 nkc20243641574
003 CZ PrNK
005 20250304095415.0
007 ta
008 241107s2024 xr e 000 0 cze
015 |a cnb003641574 
020 |a 978-80-7298-625-5  |q (Oikoymenh ;  |q brožováno) 
035 |a (OCoLC)1505965827 
040 |a ABA001  |b cze  |d BOA001  |e rda 
041 1 |a cze  |k eng  |h fre 
043 |a e-fr--- 
045 |a x-x- 
072 7 |a 165  |x Teorie poznání. Epistemologie  |2 Konspekt  |9 5 
080 |a 165.242.1  |2 MRF 
080 |a 165.12  |2 MRF 
080 |a 165.023.1  |2 MRF 
080 |a 165  |2 MRF 
080 |a 27-64:1  |2 MRF 
080 |a 14(44)  |2 MRF 
080 |a 101-051  |2 MRF 
080 |a (44)  |2 MRF 
080 |a (042.3)  |2 MRF 
080 |a (047.53)  |2 MRF 
100 1 |a Foucault, Michel,  |d 1926-1984  |7 jn19990002361  |4 aut 
240 1 0 |a Origine de l'herméneutique de soi.  |l Česky  |7 aun20251253686 
245 1 0 |a K počátkům hermeneutiky vlastního já /  |c Michel Foucault ; přeložili Anna Schubertová a Ondřej Švec 
250 |a Vydání první 
264 1 |a Praha :  |b OIKOYMENH,  |c 2024 
300 |a 79 stran ;  |c 21 cm 
336 |a text  |b txt  |2 rdacontent 
337 |a bez média  |b n  |2 rdamedia 
338 |a svazek  |b nc  |2 rdacarrier 
490 1 |a Oikúmené ;  |v svazek 225 
500 |a Přeloženo z anglického překladu francouzského originálu 
500 |a Vydal Filosofický ústav AV ČR, v.v.i., ve spolupráci se spolkem OIKOYMENH 
504 |a Obsahuje bibliografické odkazy 
600 1 7 |a Foucault, Michel,  |d 1926-1984  |7 jn19990002361  |2 czenas 
648 7 |a 20. století  |7 ch460558  |2 czenas 
650 0 7 |a já (filozofie)  |7 ph114769  |2 czenas 
650 0 7 |a subjekt (filozofie)  |7 ph135780  |2 czenas 
650 0 7 |a pravda  |7 ph124557  |2 czenas 
650 0 7 |a teorie poznání  |7 ph116428  |2 czenas 
650 0 7 |a křesťanství a filozofie  |7 ph115075  |2 czenas 
650 0 7 |a francouzská filozofie  |7 ph120359  |y 20. století  |2 czenas 
650 0 7 |a filozofové  |7 ph117191  |z Francie  |y 20. století  |2 czenas 
650 0 9 |a ego  |2 eczenas 
650 0 9 |a subject (philosophy)  |2 eczenas 
650 0 9 |a truth  |2 eczenas 
650 0 9 |a theory of knowledge  |2 eczenas 
650 0 9 |a Christianity and philosophy  |2 eczenas 
650 0 9 |a French philosophy  |y 20th century  |2 eczenas 
650 0 9 |a philosophers  |z France  |y 20th century  |2 eczenas 
655 7 |a přednášky  |7 fd133199  |2 czenas 
655 7 |a rozhovory  |7 fd133303  |2 czenas 
655 9 |a lectures  |2 eczenas 
655 9 |a interviews  |2 eczenas 
700 1 |a Schubertová, Anna,  |d 1994-  |7 xx0263913  |4 trl 
700 1 |a Švec, Ondřej,  |d 1975-  |7 pna2006337988  |4 trl 
765 0 8 |i Název anglického překladu:  |t About the beginning of the hermeneutics of the self  |9 Česky 
830 0 |a Oikúmené (OIKOYMENH)  |0 s 
910 2 |a BOA001  |b 2-1539.326 
928 9 |a Filosofický ústav AV ČR 
990 |a BK 
995 |a 01 
991 |b 202502  |c NOV 
996 6 |b 2610993883  |c 2-1539.326  |l MZK  |r Sklad / do 1 hodiny  |n 1  |p p.v.  |w 001993331  |u 000010  |a 1  |e BOA001  |j MZK50  |s P 
996 7 |b 2610995943  |c 2-1539.326  |l MZK  |r Sklad / do 1 hodiny  |n 2  |p kup  |w 001993331  |u 000020  |a 1  |e BOA001  |j MZK50  |s A